000 01010nas a2200325 4500
001 BR0504461
003 BR-BrBNA
005 20231205105636.0
007 ta
008 230509b bl.|||p| |||| 00| 00por d
040 _aBR-BrBNA
_bpor
_cBiblioteca Nacional de Agricultura
041 _a(Pt)
072 _aM12; L53
100 1 _aBoscolo, W.R.
100 1 _aMeurer, F.
100 1 _aFeiden, A.
100 1 _aHayashi, C.
100 1 _aReidel, A.
100 1 _aGenteline, A.L.
245 1 _aFarinha de vísceras de aves em rações para a tilápia do Nilo (Oreochromis niloticus L.)durante a fase de reversão sexual
650 _aTILÁPIA NILÓTICA
650 _aVALOR NUTRITIVO
650 _aRAÇÃO
650 _aFARINHA DE VÍSCERA
650 _aREVERSÃO SEXUAL
650 _aPRODUÇÃO ANIMAL
773 0 _tRevista Brasileira de Zootecnia (Brazil)
_xISSN 1516-3598
_g(Mar-Apr 2005), v. 34(2) p. 373-377
_wBR0504461
909 _a202311
_bLúcia
_c55
_dLúcia Elande
942 _2AGRIS
_n0
_cANA
999 _c183915
_d183915